Vrátenie zahraničnej DPH pri pohonných hmotách a diaľničných známkach v Rakúsku, ČR, Maďarsku a Francúzsku

Na vrátenie by mal byť žiadateľ platiteľom DPH a realizovať nákupy tovarov alebo služieb v inom členskom štáte EÚ s DPH, alebo by nemal byť usadený ani registrovaný pre DPH v členskom štáte EÚ, kde si bude uplatňovať nárok na jeho vrátenie, alebo v tuzemsku vykonávať činnosť s nárokom na odpočet DPH...

Descripción completa

Guardado en:
Detalles Bibliográficos
Autor principal: Válek, Juraj, 1981-
Formato: Capítulo de libro
Lenguaje:eslovaco
Materias:
Etiquetas: Agregar Etiqueta
Sin Etiquetas, Sea el primero en etiquetar este registro!

MARC

LEADER 00000nla a2200000 4500
001 0197263
005 20240502073331.9
041 0 |a slo 
044 |a SK 
245 1 0 |a Vrátenie zahraničnej DPH pri pohonných hmotách a diaľničných známkach v Rakúsku, ČR, Maďarsku a Francúzsku  |c Juraj Válek 
520 |a Na vrátenie by mal byť žiadateľ platiteľom DPH a realizovať nákupy tovarov alebo služieb v inom členskom štáte EÚ s DPH, alebo by nemal byť usadený ani registrovaný pre DPH v členskom štáte EÚ, kde si bude uplatňovať nárok na jeho vrátenie, alebo v tuzemsku vykonávať činnosť s nárokom na odpočet DPH. 
610 2 0 |a dane z hodnoty pridanej 
610 2 0 |a povinnosť daňová 
610 2 0 |a obdobie zdaňovacie 
610 2 0 |a odpočet dane 
610 2 0 |a doklady daňové 
610 2 0 |a rezidenti 
610 2 0 |a Európska únia 
100 1 |a Válek, Juraj, 1981-